000 00392nam a22001457a 4500
005 20200612144557.0
008 200612b xxu||||| |||| 00| 0 eng d
082 _a345.4 AIR
110 _aALL INDIA REPORTER
_96048
245 _aALL INDIA REPORTER [2005] [VOL-92] ORISSA SECTION
260 _aMUMBAI
_bALL INDIA REPORTER,PVT. LTD
300 _a304;p
650 _aLAW
_95701
942 _cJRL
999 _c7107
_d7105